| 000 | 00462nam a22001817a 4500 | ||
|---|---|---|---|
| 999 |
_c173521 _d173521 |
||
| 005 | 20200302110551.0 | ||
| 010 | _a230277 | ||
| 020 | _c3.00 | ||
| 035 | _a230277 | ||
| 037 | _bCen Lib/Ret | ||
| 082 | _aک | ||
| 100 | _aرام لعل | ||
| 245 |
_aاواز تو پھچانو / _cرام لعل |
||
| 246 |
_aAwaz Toh Pehchano (urdu) / _bby Ram Laal |
||
| 260 |
_aLucknow _bMaktaba _c1963 ء |
||
| 300 |
_a182p. _c18cm(Hb) |
||
| 942 |
_2ddc _cUR _hک _mر ا م |
||